000 01275nam a22003377a 4500
003 EG-GICUC
005 20260601143754.0
008 260601s2018 ukr||||gr|||d 00| 0 urk d
020 _a9786177310272
020 _a9786177310296
040 _aEG-GiCUC
_bara
_cEG-GiCUC
_dEG-GiCUC
_erda
082 0 4 _221
_a491.7931
_bS9413
092 0 4 _221
_a491.7931
_bS9413
099 _a491.7931 S9413
100 1 _aṢubḥ, ʻAlī
_eAuthor.
245 1 0 _aСучасний словник :
_bYкраїнська - Aрабська : близько 12500 слів /
_cАлі Субх, Юрій Кочигінський.
246 3 1 _aالقاموس العصري :
_bأوكراني - عربي : حوالي 12500 كلمة / المصنفان علي صبح، يوري كوتشيرجينسكي.
264 _aКиїв :
_c2018.
300 _a191 pages ;
_c21 cm
336 _2rdacontent
_atext
337 _2rdamedia
_aUnmediated
338 _2rdacarrier
_avolume
490 _aСерія Сахід
504 _a.
541 _aسفارة اوكرانيا ؛
_bالقاهرة ؛
_cإهداء ؛
_d2026.
650 1 _aUkrainian language
_vDictionaries
_xArabic.
_2qrmak
651 1 _2qrmak
700 1 _aKotschigenski, Yuri
_eAuthor.
905 _aAsmaa
942 _2ddc
_cREF
_e21
_n0
999 _c180328
_d180328